[Event "Gausdal Classics Elo"]
[Site "Gausdal NOR"]
[Date "2005.04.19"]
[Round "7"]
[White "Standal, Bard"]
[Black "Carlsen, Ellen Oen"]
[Result "1/2-1/2"]
[WhiteElo "1949"]
[BlackElo "1871"]
[PlyCount "35"]
[EventDate "2005.04.14"]
[EventType "swiss"]
[EventRounds "9"]
[EventCountry "NOR"]
[Source "lmi"]
[SourceDate "2005.04.22"]

1. e4 c5 2. Nf3 Nc6 3. d3 g6 4. Nbd2 Bg7 5. g3 d6 6. Bg2 Nf6 7. O-O O-O 8. c3
Rb8 9. a4 Nh5 10. Re1 Bd7 11. Nf1 Qc7 12. Ne3 e6 13. h3 Rfc8 14. Ng4 Re8 15.
Bh6 Qc8 16. Bxg7 Kxg7 17. Qd2 Rh8 18. e5 1/2-1/2

[Event "Gausdal Classics Elo"]
[Site "Gausdal NOR"]
[Date "2005.04.19"]
[Round "7"]
[White "Tallaksen, Levi Andre"]
[Black "Hobber, Anders"]
[Result "1/2-1/2"]
[WhiteElo "1391"]
[BlackElo "1186"]
[PlyCount "30"]
[EventDate "2005.04.14"]
[EventType "swiss"]
[EventRounds "9"]
[EventCountry "NOR"]
[Source "lmi"]
[SourceDate "2005.04.22"]

1. d4 d5 2. c4 c6 3. Nc3 Nf6 4. Nf3 e6 5. e3 Nbd7 6. Qc2 Bd6 7. a3 O-O 8. b4 a6
9. Bb2 b5 10. e4 dxe4 11. Nxe4 Nxe4 12. Qxe4 Bb7 13. Be2 Nf6 14. Qc2 Re8 15.
O-O Bc7 1/2-1/2

[Event "Gausdal Classics Elo"]
[Site "Gausdal NOR"]
[Date "2005.04.19"]
[Round "7"]
[White "Tjolsen, Katrine"]
[Black "Andersen, Guttorm"]
[Result "1-0"]
[WhiteElo "1361"]
[BlackElo "1284"]
[PlyCount "165"]
[EventDate "2005.04.14"]
[EventType "swiss"]
[EventRounds "9"]
[EventCountry "NOR"]
[Source "lmi"]
[SourceDate "2005.04.22"]

1. c4 g6 2. Nc3 f5 3. Nf3 Nf6 4. g3 Bg7 5. Bg2 O-O 6. O-O d6 7. d4 Qe8 8. Bg5
e5 9. Bxf6 Bxf6 10. e4 c6 11. d5 Be7 12. Nd2 f4 13. Kh1 Nd7 14. Bh3 Bg5 15.
Be6+ Kh8 16. Qg4 Qe7 17. Nf3 Bh6 18. Qh3 Qg7 19. Nh4 Nf6 20. Bxc8 Raxc8 21. g4
Ng8 22. b3 Qd7 23. Rad1 Rf6 24. Rd3 Bf8 25. g5 Qxh3 26. Rxh3 Rf7 27. Nxg6+ Kg7
28. Nh4 Ne7 29. Rd3 Kh8 30. Rg1 Rg7 31. a3 a6 32. dxc6 Nxc6 33. Nf5 Rg6 34. Nd5
Rd8 35. h4 h6 36. gxh6 Rxg1+ 37. Kxg1 Kh7 38. Nf6+ Kg6 39. Ng4 Be7 40. Nxe7+
Nxe7 41. Nxe5+ Kh5 42. Nf7 Rg8+ 43. Kf1 Ng6 44. Rxd6 Rf8 45. h7 Nh8 46. Nxh8
Rxh8 47. Rd7 f3 48. e5 Kg6 49. e6 Re8 50. e7 Kxh7 51. Rxb7 Kg7 52. c5 Kf7 53.
c6 Rc8 54. Rb6 Kxe7 55. Rxa6 Kd6 56. Ra4 Rxc6 57. Rc4 Rb6 58. Rc3 Ke5 59. Rxf3
Rh6 60. Rh3 Kf4 61. Rc3 Ke5 62. Rc4 Kd5 63. Ke2 Rb6 64. Rb4 Ra6 65. a4 Kc5 66.
Rc4+ Kd5 67. Kd3 Rb6 68. b4 Rf6 69. Rc5+ Kd6 70. Kc4 Rxf2 71. Kb5 Rf8 72. a5
Rb8+ 73. Ka4 Ra8 74. h5 Ra7 75. h6 Rh7 76. Rh5 Kc6 77. b5+ Kb7 78. a6+ Ka7 79.
Ka5 Kb8 80. b6 Rh8 81. h7 Kc8 82. Rc5+ Kb8 83. Rg5 1-0

[Event "Gausdal Classics Elo"]
[Site "Gausdal NOR"]
[Date "2005.04.20"]
[Round "8"]
[White "Andersen, Guttorm"]
[Black "Bryn, Askild"]
[Result "1-0"]
[WhiteElo "1284"]
[BlackElo "2027"]
[PlyCount "105"]
[EventDate "2005.04.14"]
[EventType "swiss"]
[EventRounds "9"]
[EventCountry "NOR"]
[Source "lmi"]
[SourceDate "2005.04.22"]

1. d4 d5 2. c4 c6 3. cxd5 cxd5 4. Nc3 Nc6 5. Bf4 Bf5 6. e3 e6 7. g4 Bg6 8. h4
h5 9. g5 Bd6 10. Bd3 Bxf4 11. Bxg6 Bxg5 12. Bxh5 Bf6 13. Nh3 g6 14. Bxg6 fxg6
15. Nf4 Qd7 16. Qg4 Nd8 17. Nxg6 Rh6 18. h5 Qg7 19. Kd2 Ne7 20. Rag1 Kf7 21.
Nb5 Nf5 22. Qf4 Nc6 23. Ne5+ Bxe5 24. Rxg7+ Bxg7 25. Nd6+ Ke7 26. Nxf5+ exf5
27. Qg5+ Kf7 28. Qxf5+ Rf6 29. Qxd5+ Kf8 30. f4 Rd8 31. Qg5 Nxd4 32. exd4 Rxd4+
33. Ke3 Rdxf4 34. Qxf4 Bh6 35. Rf1 Kg7 36. Rg1+ Kh7 37. Rf1 Re6+ 38. Kd3 Bxf4
39. Rxf4 Kh6 40. Rf5 Rd6+ 41. Kc3 Rc6+ 42. Kb4 Rc2 43. Kb3 Rc6 44. a3 Kg7 45.
Kb4 Re6 46. a4 Re4+ 47. Kb5 Re6 48. b4 Rb6+ 49. Kc4 Rc6+ 50. Rc5 Ra6 51. a5 Kh6
52. Rc7 Kxh5 53. Rxb7 1-0

[Event "Gausdal Classics Elo"]
[Site "Gausdal NOR"]
[Date "2005.04.20"]
[Round "8"]
[White "Bue, Gunnar"]
[Black "Tallaksen, Levi Andre"]
[Result "1/2-1/2"]
[WhiteElo "1926"]
[BlackElo "1391"]
[PlyCount "27"]
[EventDate "2005.04.14"]
[EventType "swiss"]
[EventRounds "9"]
[EventCountry "NOR"]
[Source "lmi"]
[SourceDate "2005.04.22"]

1. d4 Nf6 2. c4 e6 3. Nf3 b6 4. e3 Bb7 5. Bd3 d6 6. O-O Nbd7 7. Nc3 e5 8. dxe5
dxe5 9. Be2 Bc5 10. b3 O-O 11. Bb2 Re8 12. Qc2 a6 13. Rfd1 Qe7 14. a3 1/2-1/2

[Event "Gausdal Classics Elo"]
[Site "Gausdal NOR"]
[Date "2005.04.20"]
[Round "8"]
[White "Carlsen, Ellen Oen"]
[Black "Gupta, Sudhir"]
[Result "1-0"]
[WhiteElo "1871"]
[BlackElo "1412"]
[PlyCount "63"]
[EventDate "2005.04.14"]
[EventType "swiss"]
[EventRounds "9"]
[EventCountry "NOR"]
[Source "lmi"]
[SourceDate "2005.04.22"]

1. e4 e6 2. d4 d5 3. Nd2 dxe4 4. Nxe4 Be7 5. Bd3 Nf6 6. Nf3 Nc6 7. c3 h6 8. O-O
O-O 9. Re1 b6 10. Nxf6+ Bxf6 11. Bf4 Bb7 12. Qd2 Re8 13. Rad1 Qc8 14. Re3 Ne7
15. Ne5 Nd5 16. Rg3 Nxf4 17. Qxf4 Bxe5 18. Qxe5 g5 19. Qf6 Kf8 20. Qxh6+ Ke7
21. Qxg5+ Kd7 22. Qf6 Re7 23. Rg7 Qf8 24. Re1 Rae8 25. Re5 Qh8 26. Rxf7 Qg8 27.
Rxe7+ Rxe7 28. Rg5 Qe8 29. Rg7 Rxg7 30. Qxg7+ Kd6 31. Bg6 Qa4 32. Qf8+ 1-0

[Event "Gausdal Classics Elo"]
[Site "Gausdal NOR"]
[Date "2005.04.20"]
[Round "8"]
[White "Johansson, Per"]
[Black "Aandal, Kristian"]
[Result "1-0"]
[WhiteElo "2048"]
[BlackElo "1918"]
[PlyCount "61"]
[EventDate "2005.04.14"]
[EventType "swiss"]
[EventRounds "9"]
[EventCountry "NOR"]
[Source "lmi"]
[SourceDate "2005.04.22"]

1. d4 Nf6 2. Nf3 g6 3. c4 Bg7 4. g3 c6 5. Bg2 O-O 6. O-O d5 7. cxd5 Nxd5 8. Nc3
Nb6 9. Bf4 N8d7 10. Qc1 Re8 11. Ne5 Nf8 12. Rd1 Ne6 13. d5 Nxf4 14. Qxf4 Bxe5
15. Qxe5 Nc4 16. Qd4 Nd6 17. dxc6 Qa5 18. b4 Qg5 19. Ne4 Nxe4 20. Bxe4 Bh3 21.
cxb7 Rab8 22. Qxa7 Qb5 23. Bf3 Qxb4 24. Rd4 Qb2 25. Rad1 Kg7 26. a4 e5 27. R4d2
Rbd8 28. Bd5 Rxd5 29. Rxd5 Qxe2 30. Qe3 Qa6 31. b8=Q 1-0

[Event "Gausdal Classics Elo"]
[Site "Gausdal NOR"]
[Date "2005.04.20"]
[Round "8"]
[White "Nyland, Thomas"]
[Black "Tjolsen, Katrine"]
[Result "1-0"]
[WhiteElo "2090"]
[BlackElo "1361"]
[PlyCount "41"]
[EventDate "2005.04.14"]
[EventType "swiss"]
[EventRounds "9"]
[EventCountry "NOR"]
[Source "lmi"]
[SourceDate "2005.04.22"]

1. e4 e6 2. Nf3 d5 3. exd5 exd5 4. d4 Bd6 5. Bd3 Ne7 6. O-O O-O 7. c3 Bg4 8.
Bxh7+ Kh8 9. Bd3 Nd7 10. Bg5 f5 11. Nbd2 Nf6 12. Qc2 Qe8 13. Ne5 Qh5 14. h4 f4
15. Ng6+ Kg8 16. Nxf8 Rxf8 17. f3 Bd7 18. Rae1 g6 19. Rxe7 Bxe7 20. Bxg6 Qh8
21. Bf5 1-0

[Event "Gausdal Classics Elo"]
[Site "Gausdal NOR"]
[Date "2005.04.20"]
[Round "8"]
[White "Schaefer, Alexander"]
[Black "Standal, Bard"]
[Result "1-0"]
[WhiteElo "2035"]
[BlackElo "1949"]
[PlyCount "77"]
[EventDate "2005.04.14"]
[EventType "swiss"]
[EventRounds "9"]
[EventCountry "NOR"]
[Source "lmi"]
[SourceDate "2005.04.22"]

1. e4 c5 2. Nf3 d6 3. d4 cxd4 4. Nxd4 Nf6 5. Nc3 a6 6. Be3 Ng4 7. Bg5 h6 8. Bh4
g5 9. Bg3 Bg7 10. Be2 Nf6 11. Qd2 Bd7 12. O-O-O Nc6 13. Nxc6 Bxc6 14. f3 b5 15.
h4 g4 16. fxg4 b4 17. e5 dxe5 18. Qxd8+ Rxd8 19. Rxd8+ Kxd8 20. Nb1 Ne4 21. Be1
a5 22. a3 Nd6 23. Rg1 e4 24. axb4 axb4 25. Bxb4 Bf6 26. Bc3 e5 27. Rd1 Ke7 28.
Bb4 Rd8 29. Na3 Ke6 30. Rxd6+ Rxd6 31. Bxd6 Kxd6 32. g3 Kc5 33. Kd2 Bd5 34. Nb5
Be7 35. Ke3 Bd8 36. Nc3 Bb6 37. Na4+ Kc6+ 38. Nxb6 Kxb6 39. g5 1-0

[Event "Gausdal Classics Elo"]
[Site "Gausdal NOR"]
[Date "2005.04.20"]
[Round "8"]
[White "Svensen, Tarjei Joten"]
[Black "Schnabel, Ralf"]
[Result "0-1"]
[WhiteElo "2099"]
[BlackElo "2184"]
[PlyCount "100"]
[EventDate "2005.04.14"]
[EventType "swiss"]
[EventRounds "9"]
[EventCountry "NOR"]
[Source "lmi"]
[SourceDate "2005.04.22"]

1. d4 f5 2. Bg5 g6 3. Nc3 Bg7 4. e4 fxe4 5. Nxe4 d5 6. Nc5 b6 7. Nb3 Nh6 8. h4
Nf7 9. Bf4 O-O 10. Nf3 Bg4 11. Be2 a5 12. c3 a4 13. Nbd2 a3 14. Qb3 axb2 15.
Qxb2 c5 16. Ne5 Bxe2 17. Kxe2 Nxe5 18. Bxe5 Bxe5 19. dxe5 Nc6 20. Nf3 Qc7 21.
Qd2 e6 22. h5 Nxe5 23. hxg6 Nxg6 24. Qh6 Ra7 25. Ng5 Qg7 26. Qxg7+ Rxg7 27. g3
Ra8 28. Rhb1 Ra6 29. f4 Nf8 30. Kf2 Rga7 31. Rb2 h6 32. Nf3 Nd7 33. Ke3 Ra3 34.
Rc2 Kg7 35. Ke2 R7a6 36. Ne5 Nxe5 37. fxe5 R3a4 38. Kd3 Re4 39. Re2 Raa4 40.
Rae1 Rxe2 41. Rxe2 Rg4 42. Re3 b5 43. Kc2 h5 44. a3 Kf7 45. Rf3+ Ke7 46. Re3
Kd7 47. Kb3 Kc6 48. Kb2 Kb6 49. Kb3 Ka5 50. Kb2 Re4 0-1

[Event "Gausdal Classics Elo"]
[Site "Gausdal NOR"]
[Date "2005.04.20"]
[Round "8"]
[White "Valla, Martin"]
[Black "Forsaa, Espen"]
[Result "1-0"]
[WhiteElo "2050"]
[BlackElo "2036"]
[PlyCount "77"]
[EventDate "2005.04.14"]
[EventType "swiss"]
[EventRounds "9"]
[EventCountry "NOR"]
[Source "lmi"]
[SourceDate "2005.04.22"]

1. d4 f5 2. g3 Nf6 3. Bg2 g6 4. Nf3 Bg7 5. O-O O-O 6. c4 d6 7. Nc3 Qe8 8. b3 e5
9. dxe5 dxe5 10. e4 f4 11. Nd5 Nxd5 12. Qxd5+ Kh8 13. Bb2 c6 14. Qd6 Nd7 15.
Rad1 Rf6 16. Qc7 Rf7 17. Ng5 Rf8 18. Bh3 Nb6 19. Bxc8 Qxc8 20. Qxc8 Rfxc8 21.
c5 h6 22. Nf3 Re8 23. cxb6 axb6 24. a4 g5 25. gxf4 exf4 26. Bxg7+ Kxg7 27. Rd7+
Kg6 28. Re1 g4 29. Nh4+ Kg5 30. Nf5 Re5 31. Rg7+ Kf6 32. Rxb7 Rae8 33. Nxh6 Rg5
34. Rxb6 g3 35. Rxc6+ Kg7 36. Nf5+ Rxf5 37. exf5 gxh2+ 38. Kxh2 Rxe1 39. Kg2
1-0

[Event "Gausdal Classics Elo"]
[Site "Gausdal NOR"]
[Date "2005.04.21"]
[Round "9"]
[White "Andersen, Guttorm"]
[Black "Bue, Gunnar"]
[Result "0-1"]
[WhiteElo "1284"]
[BlackElo "1925"]
[PlyCount "68"]
[EventDate "2005.04.14"]
[EventType "swiss"]
[EventRounds "9"]
[EventCountry "NOR"]
[Source "lmi"]
[SourceDate "2005.04.22"]

1. d4 Nf6 2. c4 g6 3. Nc3 Bg7 4. e4 d6 5. f4 O-O 6. d5 e6 7. Nf3 exd5 8. cxd5
Bg4 9. Be2 Re8 10. Nd2 Bd7 11. O-O Na6 12. Rb1 c6 13. Bc4 b5 14. dxc6 Bxc6 15.
Bxb5 Bxb5 16. Re1 Bd3 17. Ra1 Nb4 18. Re3 Ba6 19. Qa4 Qb6 20. Nf1 Ng4 21. a3
Bxf1 22. Qxb4 Qxb4 23. axb4 Nxe3 24. Bxe3 Bxc3 25. bxc3 Rxe4 26. Bd4 Bc4 27. g3
a6 28. Ra5 Bb5 29. Ra1 Rae8 30. Kf2 Re2+ 31. Kf3 h5 32. g4 h4 33. g5 Rxh2 34.
f5 d5 0-1

[Event "Gausdal Classics Elo"]
[Site "Gausdal NOR"]
[Date "2005.04.21"]
[Round "9"]
[White "Forsaa, Espen"]
[Black "Svensen, Tarjei Joten"]
[Result "0-1"]
[WhiteElo "2036"]
[BlackElo "2099"]
[PlyCount "80"]
[EventDate "2005.04.14"]
[EventType "swiss"]
[EventRounds "9"]
[EventCountry "NOR"]
[Source "lmi"]
[SourceDate "2005.04.22"]

1. e4 e6 2. d4 d5 3. Nc3 Nf6 4. e5 Nfd7 5. Qh5 c5 6. Nf3 g6 7. Qg4 cxd4 8. Nxd4
Nxe5 9. Qg3 f6 10. Bf4 Bg7 11. Bb5+ Kf7 12. O-O-O a6 13. Be2 Nbc6 14. Bxe5 Nxe5
15. h4 h5 16. f4 Nc6 17. f5 gxf5 18. Kb1 Nxd4 19. Rxd4 Qb6 20. Rd3 Bd7 21. Bf3
Bc6 22. Ne2 e5 23. Bxd5+ Bxd5 24. Rxd5 Rad8 25. Rxd8 Rxd8 26. Qf3 Rd2 27. Qxh5+
Kf8 28. Nc3 Rxg2 29. Rd1 Rg1 30. Qxf5 Kg8 31. Qc8+ Kh7 32. Qf5+ Kh6 33. Qf3 Qd4
34. Rxg1 Qxg1+ 35. Nd1 f5 36. Kc1 Qg4 37. Qe3+ Kh5 38. Qd3 Bh6+ 39. Kb1 e4 40.
Qd4 e3 0-1

[Event "Gausdal Classics Elo"]
[Site "Gausdal NOR"]
[Date "2005.04.21"]
[Round "9"]
[White "Hobber, Anders"]
[Black "Gupta, Sudhir"]
[Result "1/2-1/2"]
[WhiteElo "1186"]
[BlackElo "1412"]
[PlyCount "39"]
[EventDate "2005.04.14"]
[EventType "swiss"]
[EventRounds "9"]
[EventCountry "NOR"]
[Source "lmi"]
[SourceDate "2005.04.22"]

1. c4 Nf6 2. Nc3 d5 3. d4 e6 4. Nf3 Bb4 5. Bg5 Bxc3+ 6. bxc3 h6 7. Bxf6 Qxf6 8.
e3 O-O 9. Be2 Nc6 10. O-O b6 11. Rc1 dxc4 12. Bxc4 Bb7 13. Qc2 Rfd8 14. Rfd1
Ne7 15. Be2 Ng6 16. Nd2 Qe7 17. Bf3 Bxf3 18. Nxf3 Rac8 19. Rb1 c5 20. Qa4
1/2-1/2

[Event "Gausdal Classics Elo"]
[Site "Gausdal NOR"]
[Date "2005.04.21"]
[Round "9"]
[White "Nyland, Thomas"]
[Black "Valla, Martin"]
[Result "1/2-1/2"]
[WhiteElo "2090"]
[BlackElo "2050"]
[PlyCount "167"]
[EventDate "2005.04.14"]
[EventType "swiss"]
[EventRounds "9"]
[EventCountry "NOR"]
[Source "lmi"]
[SourceDate "2005.04.22"]

1. e4 c6 2. d4 d5 3. exd5 cxd5 4. Nf3 Nf6 5. Bd3 Nc6 6. c3 Qc7 7. Bg5 Bg4 8.
Nbd2 e6 9. Bh4 Bh5 10. Bg3 Bd6 11. Bxd6 Qxd6 12. Qb3 Rb8 13. O-O Bg6 14. Bb1
O-O 15. Bxg6 hxg6 16. Rfe1 b5 17. Ne5 b4 18. Nxc6 Qxc6 19. cxb4 a5 20. Rec1 Qb6
21. bxa5 Qxd4 22. Qc3 Qxc3 23. bxc3 Rb5 24. Nb3 Rc8 25. f3 Nd7 26. Kf2 Ne5 27.
Ke2 Nc4 28. Kd3 Kf8 29. Rcb1 Nxa5 30. Nxa5 Rxa5 31. a4 Ke7 32. Rb7+ Kf6 33. Rb5
Rca8 34. Rxa5 Rxa5 35. Kc2 Ke5 36. Kb3 Kd6 37. Kb4 Rc5 38. a5 Kc6 39. Ra4 Rb5+
40. Ka3 Kb7 41. Rf4 f5 42. Rh4 Rxa5+ 43. Kb3 Kc6 44. Rh7 Ra7 45. f4 Kc5 46. Rh8
Rb7+ 47. Kc2 Ra7 48. Kb3 Kd6 49. Rb8 Rc7 50. Rb6+ Ke7 51. Rb4 Kf6 52. h4 Rc6
53. Kc2 Rc8 54. Kd3 Rh8 55. g3 Rc8 56. Kd4 Rc7 57. Ra4 Rc6 58. Rb4 Ra6 59. Rb8
Ra2 60. Ke3 Rc2 61. Rb3 Rc1 62. Ra3 Kf7 63. Rb3 Kg8 64. Rb8+ Kh7 65. Rc8 Rg1
66. Kf2 Rc1 67. Ke3 Re1+ 68. Kf3 Re4 69. Kf2 Ra4 70. Rc6 Ra2+ 71. Ke3 Rc2 72.
Rc8 d4+ 73. Kxd4 Rg2 74. Ke5 Rxg3 75. Kxe6 Rg4 76. Ke5 Rxh4 77. c4 Rh1 78. c5
Re1+ 79. Kd5 g5 80. fxg5 Kg6 81. Rg8 f4 82. c6 Rc1 83. Ke4 Rxc6 84. Kxf4
1/2-1/2

[Event "Gausdal Classics Elo"]
[Site "Gausdal NOR"]
[Date "2005.04.20"]
[Round "9"]
[White "Schnabel, Ralf"]
[Black "Schaefer, Alexander"]
[Result "1-0"]
[WhiteElo "2184"]
[BlackElo "2035"]
[PlyCount "59"]
[EventDate "2005.04.14"]
[EventType "swiss"]
[EventRounds "9"]
[EventCountry "NOR"]
[Source "lmi"]
[SourceDate "2005.04.22"]

1. e4 c5 2. Nf3 e6 3. d4 cxd4 4. Nxd4 Nf6 5. Nc3 Nc6 6. Ndb5 Bc5 7. Bf4 O-O 8.
Bc7 Qe7 9. Bd6 Bxd6 10. Qxd6 Ne8 11. Qxe7 Nxe7 12. O-O-O f5 13. Nd6 Nxd6 14.
Rxd6 fxe4 15. Nxe4 Nf5 16. Rd2 d5 17. Ng5 h6 18. Nf3 Nd6 19. Bd3 Bd7 20. Re1
Rf6 21. Ne5 Bb5 22. Bxb5 Nxb5 23. Nd7 Rg6 24. g3 b6 25. Kb1 Nd6 26. Rde2 Rd8
27. Ne5 Rf6 28. f4 Rc8 29. Ng4 Rg6 30. Rxe6 1-0

[Event "Gausdal Classics Elo"]
[Site "Gausdal NOR"]
[Date "2005.04.21"]
[Round "9"]
[White "Tallaksen, Levi Andre"]
[Black "Bryn, Askild"]
[Result "0-1"]
[WhiteElo "1391"]
[BlackElo "2027"]
[PlyCount "144"]
[EventDate "2005.04.14"]
[EventType "swiss"]
[EventRounds "9"]
[EventCountry "NOR"]
[Source "lmi"]
[SourceDate "2005.04.22"]

1. d4 d5 2. c4 c6 3. Nc3 Nf6 4. Nf3 e6 5. e3 Be7 6. Qc2 Nbd7 7. Bd3 a6 8. O-O
dxc4 9. Bxc4 b5 10. Bd3 Bb7 11. e4 c5 12. e5 Nd5 13. dxc5 Nb4 14. Qe2 Bxf3 15.
gxf3 Nxd3 16. Qxd3 Nxc5 17. Qxd8+ Rxd8 18. f4 Nd3 19. Rd1 O-O 20. Rb1 f6 21.
exf6 Rxf6 22. Ne2 Rf5 23. Be3 Rfd5 24. Nc3 Rf5 25. Ne2 Bf6 26. Nd4 Bxd4 27.
Rxd3 Rfd5 28. Kg2 Bxe3 29. Rxd5 Rxd5 30. fxe3 Rd2+ 31. Kg3 Re2 32. Kf3 Rxh2 33.
a3 Kf7 34. b4 Ra2 35. Rb3 Kf6 36. Kg4 g6 37. e4 h5+ 38. Kf3 Rh2 39. Kg3 Rc2 40.
Rd3 g5 41. fxg5+ Kxg5 42. Rd6 Rc3+ 43. Kg2 Rxa3 44. Rxe6 Kf4 45. Rh6 Kxe4 46.
Rxh5 Kd4 47. Kf2 Kc4 48. Rh4+ Kb3 49. Ke3 Ra4 50. Kd2 Rxb4 51. Rh6 a5 52. Kc1
Ka2 53. Ra6 Rc4+ 54. Kd2 a4 55. Kd3 Kb3 56. Ra5 b4 57. Kd2 a3 58. Kd3 Rc3+ 59.
Kd2 Kb2 60. Ra4 b3 61. Ra8 Rc2+ 62. Kd3 a2 63. Ke4 a1=Q 64. Ra2+ Qxa2 65. Kd4
Qa4+ 66. Kd5 Qc4+ 67. Ke5 Re2+ 68. Kf5 Qe6+ 69. Kf4 Re4+ 70. Kf3 Qg4+ 71. Kf2
Re2+ 72. Kf1 Qg2# 0-1

[Event "Gausdal Classics Elo"]
[Site "Gausdal NOR"]
[Date "2005.04.21"]
[Round "9"]
[White "Tjolsen, Katrine"]
[Black "Standal, Bard"]
[Result "1-0"]
[WhiteElo "1361"]
[BlackElo "1949"]
[PlyCount "91"]
[EventDate "2005.04.14"]
[EventType "swiss"]
[EventRounds "9"]
[EventCountry "NOR"]
[Source "lmi"]
[SourceDate "2005.04.22"]

1. c4 Nf6 2. Nc3 g6 3. d4 Bg7 4. e4 d6 5. f4 O-O 6. Nf3 c5 7. d5 e6 8. Be2 exd5
9. cxd5 a6 10. a4 Bg4 11. O-O Nbd7 12. h3 Bxf3 13. Bxf3 Qc7 14. Be3 Rad8 15. a5
h6 16. Qe1 Rfe8 17. Qg3 Kh7 18. Qf2 Re7 19. g4 Rde8 20. Kh2 Ng8 21. h4 f5 22.
h5 fxe4 23. hxg6+ Kh8 24. Be2 Bf6 25. Kg2 Kg7 26. f5 Ne5 27. Qg3 Nd3 28. Rh1
Bg5 29. Bxg5 hxg5 30. Bxd3 exd3 31. Rh7+ Kf8 32. Rxe7 Qxe7 33. Qxd3 Nh6 34. Qh3
Kg7 35. Rh1 Rh8 36. Qf3 Ng8 37. Rxh8 Kxh8 38. Qh3+ Kg7 39. Qh7+ Kf8 40. Qxe7+
Nxe7 41. Ne4 Nxd5 42. Nxg5 Ne3+ 43. Kf3 Nc4 44. Ne6+ Kg8 45. Ke4 Ne5 46. g5 1-0

[Event "Gausdal Classics IM-A"]
[Site "Gausdal NOR"]
[Date "2005.04.13"]
[Round "1.2"]
[White "Ferkingstad, Sjur"]
[Black "Johannessen, Svein"]
[Result "1/2-1/2"]
[WhiteElo "2237"]
[BlackElo "2281"]
[PlyCount "27"]
[EventDate "2005.04.14"]
[EventType "swiss"]
[EventRounds "9"]
[EventCountry "NOR"]
[EventCategory "2"]
[Source "lmi"]
[SourceDate "2005.04.22"]

1. e4 e5 2. f4 Nf6 3. Nc3 d5 4. exd5 Nxd5 5. Nxd5 Qxd5 6. Nf3 e4 7. Ne5 Be6 8.
Bc4 Qd6 9. Qe2 Nd7 10. Nxd7 Kxd7 11. Bxe6+ Qxe6 12. Qb5+ Qc6 13. Qf5+ Qe6 14.
Qb5+ 1/2-1/2

[Event "Gausdal Classics IM-A"]
[Site "Gausdal NOR"]
[Date "2005.04.13"]
[Round "1.3"]
[White "Bentsen, Hakon"]
[Black "Moskow, Eric"]
[Result "0-1"]
[WhiteElo "2159"]
[BlackElo "2194"]
[PlyCount "72"]
[EventDate "2005.04.14"]
[EventType "swiss"]
[EventRounds "9"]
[EventCountry "NOR"]
[EventCategory "2"]
[Source "lmi"]
[SourceDate "2005.04.22"]

1. e4 c5 2. Nc3 Nc6 3. g3 g6 4. Bg2 Bg7 5. d3 d6 6. Be3 Rb8 7. Qd2 b5 8. Nge2
Nd4 9. O-O b4 10. Nd1 Nxe2+ 11. Qxe2 Nf6 12. h3 O-O 13. a3 a5 14. axb4 axb4 15.
f4 Bb7 16. c4 bxc3 17. Nxc3 Nd7 18. h4 Ra8 19. Qd2 Qb6 20. Rfd1 Rfb8 21. Rxa8
Bxa8 22. Ra1 Bc6 23. Ra2 Nf8 24. f5 Nd7 25. fxg6 hxg6 26. Bf1 Ne5 27. Be2 Qb4
28. Kf2 Kh7 29. Bd1 c4 30. d4 Nd3+ 31. Kg1 Qb6 32. d5 Bd4 33. Bxd4 Qxd4+ 34.
Kg2 Bd7 35. Be2 Qf2+ 36. Kh1 Ne1 0-1

[Event "Gausdal Classics IM-A"]
[Site "Gausdal NOR"]
[Date "2005.04.13"]
[Round "1.4"]
[White "Hole, Oystein"]
[Black "Ghannoum, Marc"]
[Result "1-0"]
[WhiteElo "2329"]
[BlackElo "2252"]
[PlyCount "129"]
[EventDate "2005.04.14"]
[EventType "swiss"]
[EventRounds "9"]
[EventCountry "NOR"]
[EventCategory "2"]
[Source "lmi"]
[SourceDate "2005.04.22"]

1. Nf3 f5 2. c4 Nf6 3. g3 g6 4. Bg2 Bg7 5. O-O O-O 6. Nc3 d6 7. d4 Qe8 8. d5 a5
9. Nd4 Na6 10. Rb1 Bd7 11. b3 c6 12. e4 fxe4 13. Nxe4 Nxe4 14. Bxe4 Nc5 15. Bg2
e5 16. dxe6 Bxe6 17. Nxe6 Qxe6 18. Bb2 Bxb2 19. Rxb2 Rf6 20. Re2 Qf5 21. Qd2
Qd3 22. Qxd3 Nxd3 23. f4 Kf7 24. Re3 Nc5 25. Rfe1 Re6 26. Rxe6 Nxe6 27. Be4 Re8
28. Kf2 Nc5 29. Bc2 Rxe1 30. Kxe1 Kf6 31. Ke2 h6 32. Kf3 Ne6 33. Bb1 Nd4+ 34.
Ke4 Ne6 35. Bc2 Nc5+ 36. Ke3 Ne6 37. a3 Nc7 38. g4 Ne6 39. h4 g5 40. fxg5+ hxg5
41. h5 Ke5 42. Bf5 Nd4 43. Bc8 Nxb3 44. Bxb7 c5 45. h6 Kf6 46. Ke4 Kg6 47. Kd5
Nd2 48. a4 Kxh6 49. Kxd6 Nxc4+ 50. Kxc5 Ne5 51. Bc8 Kg7 52. Kb5 Kf6 53. Kxa5
Ke7 54. Kb5 Kd8 55. Bf5 Kc7 56. Kc5 Kb7 57. Kd5 Nf3 58. Be4 Ng1 59. Ke5+ Kb6
60. Kf5 Ka5 61. Kxg5 Kxa4 62. Kf5 Ne2 63. g5 Ng3+ 64. Ke5 Kb5 65. Bf3 1-0

[Event "Gausdal Classics IM-A"]
[Site "Gausdal NOR"]
[Date "2005.04.13"]
[Round "1.5"]
[White "Westerinen, Heikki MJ"]
[Black "Andreasen, Per"]
[Result "1/2-1/2"]
[WhiteElo "2365"]
[BlackElo "2323"]
[PlyCount "26"]
[EventDate "2005.04.14"]
[EventType "swiss"]
[EventRounds "9"]
[EventCountry "NOR"]
[EventCategory "2"]
[Source "lmi"]
[SourceDate "2005.04.22"]

1. e4 g6 2. d4 Bg7 3. Nc3 d6 4. Nf3 Nf6 5. Be2 O-O 6. O-O Nc6 7. d5 Nb8 8. Re1
c6 9. h3 Nbd7 10. Bf1 a6 11. Bf4 cxd5 12. exd5 b5 13. a4 b4 1/2-1/2

[Event "Gausdal Classics IM-A"]
[Site "Gausdal NOR"]
[Date "2005.04.14"]
[Round "2.1"]
[White "Kveinys, Aloyzas"]
[Black "Andreasen, Per"]
[Result "1-0"]
[WhiteElo "2539"]
[BlackElo "2323"]
[PlyCount "37"]
[EventDate "2005.04.14"]
[EventType "swiss"]
[EventRounds "9"]
[EventCountry "NOR"]
[EventCategory "2"]
[Source "lmi"]
[SourceDate "2005.04.22"]

1. d4 c5 2. d5 e5 3. e4 d6 4. Bd3 Be7 5. Nf3 Bg4 6. h3 Bxf3 7. Qxf3 Bg5 8. Bb5+
Kf8 9. Nd2 Nf6 10. h4 Bxd2+ 11. Bxd2 Qb6 12. c4 a6 13. Ba4 Qxb2 14. Bc3 Qa3 15.
Bc2 Ke7 16. Rh3 b5 17. Qe2 b4 18. Bxe5 Qa5 19. Bb2 1-0

[Event "Gausdal Classics IM-A"]
[Site "Gausdal NOR"]
[Date "2005.04.14"]
[Round "2.2"]
[White "Ghannoum, Marc"]
[Black "Westerinen, Heikki MJ"]
[Result "0-1"]
[WhiteElo "2252"]
[BlackElo "2365"]
[PlyCount "74"]
[EventDate "2005.04.14"]
[EventType "swiss"]
[EventRounds "9"]
[EventCountry "NOR"]
[EventCategory "2"]
[Source "lmi"]
[SourceDate "2005.04.22"]

1. e4 e6 2. b3 Nf6 3. e5 Nd5 4. Bb2 Nc6 5. c4 Nf4 6. g3 Ng6 7. f4 d6 8. d4 dxe5
9. dxe5 Qxd1+ 10. Kxd1 Bd7 11. Nf3 O-O-O 12. a3 Na5 13. Kc2 Bc6 14. Be2 Nxb3
15. Kxb3 Bxf3 16. Bxf3 Rd3+ 17. Kc2 Rxf3 18. Bd4 Be7 19. c5 Rd8 20. Nd2 Rxf4
21. gxf4 Rxd4 22. c6 bxc6 23. Rhf1 Nxf4 24. Rf2 g5 25. h4 gxh4 26. Raf1 Nd5 27.
Rxf7 Bxa3 28. R1f3 Bb4 29. Rd3 Rg4 30. Rxh7 c5 31. Nf3 c4 32. Rd4 Rg2+ 33. Kd1
Ne3+ 34. Kc1 Ba3+ 35. Kb1 Rb2+ 36. Kc1 Rf2+ 37. Kb1 Rxf3 0-1

[Event "Gausdal Classics IM-A"]
[Site "Gausdal NOR"]
[Date "2005.04.14"]
[Round "2.3"]
[White "Moskow, Eric"]
[Black "Hole, Oystein"]
[Result "1/2-1/2"]
[WhiteElo "2194"]
[BlackElo "2329"]
[PlyCount "33"]
[EventDate "2005.04.14"]
[EventType "swiss"]
[EventRounds "9"]
[EventCountry "NOR"]
[EventCategory "2"]
[Source "lmi"]
[SourceDate "2005.04.22"]

1. e4 c6 2. d4 d5 3. exd5 cxd5 4. Bd3 Nc6 5. c3 Nf6 6. Bf4 Bg4 7. Qb3 Qb6 8.
Qxb6 axb6 9. Nd2 e6 10. Ngf3 Bh5 11. Ne5 Nd7 12. Bb5 Ndxe5 13. Bxe5 Kd7 14. O-O
f6 15. Bg3 Bd6 16. Bxd6 Kxd6 17. f4 1/2-1/2